Statystyki dla Państwa, które mają Dolar Amerykański za swoją walutę

Kliknij tutaj aby rozwiązać quiz!

Ogólne statystyki

  • Ten quiz został rozwiązany 60 razy
  • Średni wynik to 3 z 9

Statystyki odpowiedzi

Państwo% Poprawnych
Stany Zjednoczone
98%
Ekwador
35%
Palau
28%
Wyspy Marshalla
28%
Zimbabwe
25%
Salwador
23%
Mikronezja
21%
Timor Wschodni
12%
Holandia
7%

Rozkład punktacji

Percentyl według liczby udzielonych odpowiedzi

Procent ludzi z każdym wynikiem

Twoja historia wyników

Nie rozwiązałeś tego quizu